Marriage notices from the Western Democrat, Charlotte, N.C., 1853- 1870 : an index /

Bibliographic Details
Main Author: Haywood, Carol
Corporate Author: Public Library of Charlotte and Mecklenburg County (N.C.)
Other Authors: Grantham, Rose L.
Format: Microform Book
Language:English
Published: Charlotte, N.C. : Public Library of Charlotte and Mecklenburg County, 1966.
Series:Genealogy and local history ; PS 254.
Subjects:

MARC

Tag First Indicator Second Indicator Subfields
LEADER 00000cam a2200000 i 4500
001 in00000990406
005 20150927154347.0
007 he am||||b|||
008 810701r19791966ncu bi 00010 eng d
035 |a (OCoLC)07543273 
035 |9 AEY1457AM 
037 |a CL0086000001  |b University Microfilms International 
037 |b University Microfilms International, 300 N. Zeeb Road, Ann Arbor, MI 48106 
040 |a PHA  |c PHA  |d GLZ  |d OCL  |d GLZ  |d UMI  |d TXA  |d UtOrBLW 
043 |a n-us-nc 
049 |a TXAI 
099 |a fiche  |a C  |a 13267 
100 1 |a Haywood, Carol. 
245 1 0 |a Marriage notices from the Western Democrat, Charlotte, N.C., 1853- 1870 :  |b an index /  |c compiled by Carol Haywood and Rose L. Grantham. 
264 1 |a Charlotte, N.C. :  |b Public Library of Charlotte and Mecklenburg County,  |c 1966. 
300 |a 3 volumes (603 leaves) ;  |c 29 cm. 
336 |a text  |b txt  |2 rdacontent 
337 |a microform  |b h  |2 rdamedia 
338 |a microfiche  |b he  |2 rdacarrier 
533 |a Microfiche.  |b Sanford, N.C. :  |c Microfilming Corp. of America,  |d [1979]  |e 13 microfiches ; 11 x 15 cm.  |f (Genealogy and local history ; PS 254) 
505 0 |a v. 1. A-F.--v. 2. G-N.--v. 3. O-Z. 
536 |a Acquired through the generosity of Mrs. Mary Marshall. 
500 |a Microform. 
650 0 |a Registers of births, etc.  |z North Carolina. 
651 0 |a North Carolina  |v Genealogy. 
700 1 |a Grantham, Rose L. 
710 2 |a Public Library of Charlotte and Mecklenburg County (N.C.) 
830 0 |a Genealogy and local history ;  |v PS 254. 
999 |a MARS 
999 f f |s ffc6d666-6657-3544-a89c-d070a9f160ab  |i 30112335-80ef-3a30-961c-7f9cbe64aaf9  |t 0 
952 f f |p default  |a Texas A&M University  |b College Station  |c Sterling C. Evans Library  |d Evans: Microforms (3rd floor)  |t 0  |e fiche C 13267  |h Other scheme  |i microform -- microfiche 
998 f f |a fiche C 13267  |t 0  |l Evans: Microforms (3rd floor)